| 000 | 00558nam a2200157 a 4500 | ||
|---|---|---|---|
| 008 | 120416s1989 ||||||||||||||||| || u | ||
| 050 | _aQE 600.2 Wal | ||
| 100 | _aWaltham, Anthony Clive | ||
| 245 | 1 | 0 | _aGround subsidence |
| 260 |
_aGlasgow _bBlackie _c1989 |
||
| 300 | _aix, 202p. : ill | ||
| 350 | _a0.00 | ||
| 650 | _aGEOLOGY--STUDY AND TEACHING | ||
| 650 | _aGROUND SUBSIDENCE | ||
| 995 |
_D0.00 _FCBU-MAIN LIBRARY (Kitwe) _H1 _I35.00 _M1 _UAVAILABLE _WMar 21, 2007 _ZMain Library Open Access Collection |
||
| 999 |
_c44961 _d44961 |
||